[Event "HUN-ch Rapid"]
[Site "Ajka"]
[Date "2025.07.20"]
[Round "6"]
[White "Kovacsy, Barnabas"]
[Black "Csonka, Balazs"]
[Result "1/2-1/2"]
[WhiteElo "2251"]
[BlackElo "2467"]
[PlyCount "52"]
[EventDate "2025.07.19"]
[EventType "swiss (rapid)"]
[EventRounds "9"]
[EventCountry "HUN"]
[SourceTitle "CB30_2025"]
[SourceDate "2025.07.23"]
[SourceVersion "1"]
[SourceVersionDate "2025.07.23"]
[SourceQuality "1"]

1. e4 e5 2. Nf3 Nc6 3. Bb5 a6 4. Ba4 Nf6 5. d3 d6 6. c3 g6 7. 0-0 Bg7 8. Re1 0-0 9. Nbd2 b5 10. Bc2 Bb7 11. a4 b4 12. a5 Rb8 13. d4 bxc3 14. bxc3 exd4 15. cxd4 Nb4 16. Bb1 Re8 17. Bb2 Ba8 18. Bc3 Rb5 19. Ra4 c5 20. d5 Rxa5 21. Rxa5 Qxa5 22. Nc4 Qd8 23. Qa4 Nh5 24. Bxb4 cxb4 25. Nxd6 Re7 26. Qxa6 Bc3 1/2-1/2

[Event "Balatonlelle Rigo Memorial IM-A 4th"]
[Site "Balatonlelle"]
[Date "2025.06.25"]
[Round "6"]
[White "Kovacsy, Barnabas"]
[Black "Tancsa, Tamas"]
[Result "1-0"]
[WhiteElo "2251"]
[BlackElo "2240"]
[PlyCount "55"]
[EventDate "2025.06.21"]
[EventType "tourn"]
[EventRounds "9"]
[EventCountry "HUN"]
[SourceTitle "CB27_2025"]
[SourceDate "2025.07.02"]
[SourceVersion "1"]
[SourceVersionDate "2025.07.02"]
[SourceQuality "1"]

1. e4 e5 2. Nf3 Nc6 3. Bb5 a6 4. Ba4 Nf6 5. d3 b5 6. Bb3 Be7 7. 0-0 0-0 8. a4 b4 9. a5 d5 10. exd5 Nxd5 11. Re1 Bf6 12. Nbd2 Bg4 13. h3 Bh5 14. g4 Bg6 15. Nc4 Nf4 16. Ncxe5 Bxe5 17. Nxe5 Nxh3+ 18. Kg2 Nxe5 19. Kxh3 Nc6 20. Kg2 Kh8 21. f4 f5 22. g5 Qd7 23. Be3 Rfe8 24. Qf3 Nd4 25. Bxd4 Qxd4 26. Rh1 Qxb2 27. Rxh7+ Bxh7 28. Rh1 1-0

[Event "Titled Tuesday intern op 03rd Jan Late"]
[Site "Chess.com INT"]
[Date "2025.06.03"]
[Round "5"]
[White "Kovacsy, Barnabas"]
[Black "De Sousa, Antonio Micaias Sil"]
[Result "1-0"]
[WhiteElo "2252"]
[BlackElo "2007"]
[PlyCount "69"]
[EventDate "2025.06.03"]
[EventType "swiss (blitz)"]
[EventRounds "11"]
[EventCountry "USA"]
[SourceTitle "CB24_2025"]
[SourceDate "2025.06.11"]
[SourceVersion "1"]
[SourceVersionDate "2025.06.11"]
[SourceQuality "1"]

1. e4 c5 2. Nf3 e6 3. d4 cxd4 4. Nxd4 a6 5. Bd3 Qc7 6. 0-0 Nf6 7. c4 Be7 8. Kh1 0-0 9. Nc3 b6 10. Be3 d6 11. Rc1 Bb7 12. b4 Nbd7 13. f3 Rac8 14. Qe1 Qb8 15. Qg3 Rfe8 16. f4 Bd8 17. Nf3 Bc7 18. Bd4 e5 19. fxe5 dxe5 20. Be3 Nh5 21. Qh3 Ndf6 22. Nd5 Bxd5 23. cxd5 h6 24. Bxa6 Rcd8 25. Bb5 Rf8 26. Nd2 Nf4 27. Qf3 Bd6 28. g3 N4h5 29. a3 Qa7 30. Nc4 Bc7 31. a4 g6 32. Bxh6 Rfe8 33. Bg5 Kg7 34. Bxf6+ Nxf6 35. Qxf6+ 1-0

[Event "Titled Tuesday intern op 03rd Jan Late"]
[Site "Chess.com INT"]
[Date "2025.06.03"]
[Round "6"]
[White "Shukhman, Anna"]
[Black "Kovacsy, Barnabas"]
[Result "1-0"]
[WhiteElo "2413"]
[BlackElo "2252"]
[PlyCount "131"]
[EventDate "2025.06.03"]
[EventType "swiss (blitz)"]
[EventRounds "11"]
[EventCountry "USA"]
[SourceTitle "CB24_2025"]
[SourceDate "2025.06.11"]
[SourceVersion "1"]
[SourceVersionDate "2025.06.11"]
[SourceQuality "1"]

1. e4 c5 2. Nf3 e6 3. d4 cxd4 4. Nxd4 Nc6 5. Nc3 Qc7 6. Be3 a6 7. Qd2 Nf6 8. f3 h5 9. Nb3 b5 10. a4 b4 11. Ne2 Ne5 12. Bf4 d6 13. Ned4 Nc4 14. Qxb4 Nxb2 15. Qa3 e5 16. Qxb2 exf4 17. Bd3 Be7 18. 0-0 0-0 19. Nf5 Bxf5 20. exf5 Nd5 21. Qd4 Ne3 22. f6 Bxf6 23. Qxf4 Nxf1 24. Qf5 g6 25. Qxf6 Ne3 26. Re1 Nd5 27. Qg5 Qb6+ 28. Kf1 Rae8 29. Qxd5 Rxe1+ 30. Kxe1 Qg1+ 31. Kd2 Qxh2 32. Qg5 Re8 33. Nd4 Qe5 34. Qxe5 dxe5 35. Nc6 f5 36. Bxa6 g5 37. Bc4+ Kg7 38. a5 g4 39. fxg4 hxg4 40. a6 f4 41. a7 e4 42. Nb8 Rd8+ 43. Ke2 f3+ 44. gxf3 exf3+ 45. Ke3 Re8+ 46. Kf4 Rf8+ 47. Kxg4 f2 48. a8Q Rf6 49. Qb7+ Kh6 50. Qh1+ Kg7 51. Bf1 Rg6+ 52. Kf3 Rf6+ 53. Ke2 Re6+ 54. Kxf2 Rf6+ 55. Ke1 Re6+ 56. Be2 Rg6 57. Qb7+ Kh6 58. Bd3 Re6+ 59. Kd2 Rf6 60. Qh7+ Kg5 61. Qg7+ Kh5 62. Qxf6 Kg4 63. Be2+ Kh3 64. Qg7 Kh2 65. Bf3 Kh3 66. Qg4+ 1-0

[Event "Titled Tuesday intern op 21st Jan Late"]
[Site "Chess.com INT"]
[Date "2025.01.21"]
[Round "10"]
[White "Adewumi, Tanitoluwa"]
[Black "Kovacsy, Barnabas"]
[Result "1-0"]
[WhiteElo "2352"]
[BlackElo "2266"]
[PlyCount "221"]
[EventDate "2025.01.21"]
[EventType "swiss (blitz)"]
[EventRounds "11"]
[EventCountry "USA"]
[SourceTitle "CB05_2025"]
[SourceDate "2025.01.29"]
[SourceVersion "1"]
[SourceVersionDate "2025.01.29"]
[SourceQuality "1"]

1. e4 c5 2. Nf3 e6 3. g3 d5 4. exd5 exd5 5. d4 Nc6 6. Bg2 Bg4 7. 0-0 cxd4 8. h3 Bxf3 9. Bxf3 Nf6 10. Nd2 Be7 11. Nb3 Qb6 12. Re1 0-0 13. Bf4 Rad8 14. Kg2 Rfe8 15. a3 h6 16. Be5 Nxe5 17. Rxe5 Bc5 18. Rxe8+ Rxe8 19. Qd3 a6 20. Rd1 Ne4 21. Re1 f5 22. Bh5 g6 23. Bd1 Qd6 24. Qf3 Kg7 25. h4 Nd2 26. Rxe8 Nxf3 27. Bxf3 b5 28. Nc1 Kf7 29. Rc8 Bb6 30. Nd3 Kf6 31. Nb4 Kf7 32. Rc6 Qd8 33. Nxd5 Ba7 34. Rc7+ Ke6 35. Nf4+ Kf6 36. Rxa7 g5 37. Rxa6+ Kg7 38. Ne6+ Kh7 39. Nxd8 g4 40. Bd5 Kg7 41. Be6 h5 42. Bxf5 b4 43. axb4 d3 44. cxd3 Kh8 45. Re6 Kg7 46. Re7+ Kh8 47. Bxg4 hxg4 48. Ne6 Kg8 49. b5 Kh8 50. b6 Kg8 51. b7 Kh8 52. b8B Kg8 53. Bd6 Kh8 54. b4 Kg8 55. b5 Kh8 56. b6 Kg8 57. b7 Kh8 58. b8N Kg8 59. Rg7+ Kh8 60. Rxg4 Kh7 61. d4 Kh6 62. Be7 Kh5 63. Kh3 Kh6 64. d5 Kh5 65. d6 Kh6 66. d7 Kh5 67. d8B Kh6 68. Bb6 Kh5 69. Rg7 Kh6 70. f4 Kh5 71. f5 Kh6 72. f6 Kh5 73. f7 Kh6 74. f8R Kh5 75. Rf1 Kh6 76. Ra1 Kh5 77. Bb4 Kh6 78. Be1 Kh5 79. Bef2 Kh6 80. Bg1 Kh5 81. Na6 Kh6 82. Nb4 Kh5 83. Nd5 Kh6 84. Nc3 Kh5 85. Ne4 Kh6 86. Nd2 Kh5 87. Nf3 Kh6 88. Bgc5 Kh5 89. Bb4 Kh6 90. Ng1 Kh5 91. Rf7 Kh6 92. g4 Kg6 93. Rg7+ Kh6 94. Rg8 Kh7 95. Rf8 Kh6 96. Rf3 Kh7 97. Ng5+ Kh6 98. Kg3 Kg7 99. Kg2 Kh6 100. Rh3 Kg6 101. Rh1 Kh6 102. Ba3 Kg6 103. Bc1 Kh6 104. N5f3+ Kg6 105. Bf2 Kg7 106. h5 Kh7 107. h6 Kh8 108. h7 Kg7 109. h8R Kg6 110. R8h7 Kf6 111. R1h6# 1-0

[Event "Titled Tuesday intern op 03rd Sep Early"]
[Site "Chess.com INT"]
[Date "2024.09.03"]
[Round "8"]
[White "Deng, Henry"]
[Black "Kovacsy, Barnabas"]
[Result "1-0"]
[WhiteElo "2338"]
[BlackElo "2275"]
[PlyCount "135"]
[EventDate "2024.09.03"]
[EventType "swiss (blitz)"]
[EventRounds "11"]
[EventCountry "USA"]
[SourceTitle "EXT 2025"]
[Source "ChessBase"]
[SourceDate "2024.10.14"]
[SourceVersion "1"]
[SourceVersionDate "2024.10.14"]
[SourceQuality "1"]

1. Nf3 Nf6 2. b3 g6 3. Bb2 Bg7 4. g3 0-0 5. Bg2 b6 6. 0-0 Bb7 7. c4 c5 8. Nc3 Nc6 9. d4 Nxd4 10. Nxd4 Bxg2 11. Kxg2 cxd4 12. Qxd4 e6 13. Qd3 d5 14. Rad1 Re8 15. Qf3 Qe7 16. cxd5 exd5 17. e3 Rad8 18. Rd3 Ne4 19. Rfd1 f5 20. Ba1 Qe6 21. Nb5 Rd7 22. Bxg7 Kxg7 23. Nd4 Qe5 24. Rc1 Rf8 25. Qf4 Qxf4 26. gxf4 Kf6 27. Rc6+ Rd6 28. Rxd6+ Nxd6 29. Nc6 Ke6 30. Nb4 d4 31. Rxd4 Nb5 32. Rd5 Nc3 33. Rd3 Ne4 34. Nc6 Rc8 35. Nd4+ Kf6 36. f3 Nc5 37. Rc3 Re8 38. Kf2 a5 39. a3 Rc8 40. b4 axb4 41. axb4 Ne4+ 42. fxe4 Rxc3 43. e5+ Ke7 44. b5 Rc1 45. Nc6+ Kd7 46. Nd4 Rb1 47. Kf3 Rb2 48. Kg3 h6 49. h3 Rb1 50. Kf3 Rb2 51. Kg3 Ke7 52. Kf3 Kd7 53. e4 fxe4+ 54. Kxe4 Ke7 55. Kd5 Rd2 56. Ke4 Rb2 57. h4 Kd7 58. h5 gxh5 59. f5 h4 60. e6+ Ke7 61. Ke5 Rb1 62. f6+ Ke8 63. f7+ Ke7 64. Nf5+ Kf8 65. Kf6 Re1 66. e7+ Rxe7 67. Nxe7 h3 68. Ng6# 1-0

[Event "Titled Tuesday intern op 03rd Sep Late"]
[Site "Chess.com INT"]
[Date "2024.09.03"]
[Round "4"]
[White "Kovacsy, Barnabas"]
[Black "Javakhadze, Zurab"]
[Result "1-0"]
[WhiteElo "2275"]
[BlackElo "2417"]
[PlyCount "45"]
[EventDate "2024.09.03"]
[EventType "swiss (blitz)"]
[EventRounds "11"]
[EventCountry "USA"]
[SourceTitle "EXT 2025"]
[Source "ChessBase"]
[SourceDate "2024.10.14"]
[SourceVersion "1"]
[SourceVersionDate "2024.10.14"]
[SourceQuality "1"]

1. e4 c5 2. Nf3 d6 3. d4 cxd4 4. Nxd4 Nf6 5. Nc3 g6 6. Be3 Bg7 7. f3 a6 8. Qd2 Nbd7 9. 0-0-0 b5 10. h4 h5 11. Nd5 Bb7 12. Nb3 Rc8 13. Bd4 Bxd5 14. exd5 Nb6 15. Kb1 Nbxd5 16. Bd3 Qc7 17. Rhe1 e6 18. g4 hxg4 19. fxg4 Rxh4 20. g5 Nh5 21. Bxg7 Nxg7 22. Bxg6 Kf8 23. Rf1 1-0

[Event "Titled Tuesday intern op 03rd Sep Late"]
[Site "Chess.com INT"]
[Date "2024.09.03"]
[Round "2"]
[White "Kovacsy, Barnabas"]
[Black "Van der Werf, Mark"]
[Result "1-0"]
[WhiteElo "2275"]
[BlackElo "2408"]
[PlyCount "95"]
[EventDate "2024.09.03"]
[EventType "swiss (blitz)"]
[EventRounds "11"]
[EventCountry "USA"]
[SourceTitle "EXT 2025"]
[Source "ChessBase"]
[SourceDate "2024.10.14"]
[SourceVersion "1"]
[SourceVersionDate "2024.10.14"]
[SourceQuality "1"]

1. e4 d6 2. d4 Nf6 3. Nc3 Nbd7 4. f4 e5 5. Nf3 c6 6. Be3 Be7 7. Bc4 0-0 8. h3 b5 9. Bd3 b4 10. Ne2 Qc7 11. 0-0 Re8 12. Ng3 exd4 13. Nxd4 c5 14. Ndf5 Bf8 15. e5 dxe5 16. fxe5 Nxe5 17. Ne4 Nxe4 18. Bxe4 Bb7 19. Bxb7 Qxb7 20. Bf4 Ng6 21. Bg3 Rad8 22. Qg4 Qe4 23. Qg5 Qxc2 24. h4 h6 25. Nxh6+ gxh6 26. Qf6 Rd7 27. Rad1 Bg7 28. Qf3 Rxd1 29. Qxf7+ Kh7 30. Qxe8 Bd4+ 31. Kh2 Rxf1 32. Qd7+ Bg7 33. h5 Nh4 34. Bxh4 Qf5 35. Qd2 Qf4+ 36. Qxf4 Rxf4 37. g3 Rc4 38. Kg2 Rc2+ 39. Kf3 Rxb2 40. Ke4 c4 41. g4 c3 42. g5 hxg5 43. Bxg5 c2 44. Kd3 Rxa2 45. Kc4 Bh6 46. Bxh6 Kxh6 47. Kb3 c1Q 48. Kxa2 1-0

[Event "HUN-ch Rapid"]
[Site "Ajka"]
[Date "2024.07.21"]
[Round "10"]
[White "Kovacsy, Barnabas"]
[Black "Kadric, Denis"]
[Result "1-0"]
[WhiteElo "2280"]
[BlackElo "2553"]
[PlyCount "95"]
[EventDate "2024.07.20"]
[EventType "swiss (rapid)"]
[EventRounds "11"]
[EventCountry "HUN"]
[SourceTitle "CBM 221 Extra"]
[Source "ChessBase"]
[SourceDate "2024.09.30"]
[SourceVersion "1"]
[SourceVersionDate "2024.09.30"]
[SourceQuality "1"]

1. e4 d6 2. d4 Nf6 3. Nc3 Nbd7 4. f4 e5 5. Nf3 exd4 6. Qxd4 c6 7. Be3 d5 8. e5 Ng4 9. Bg1 h5 10. 0-0-0 Nc5 11. Qd2 Be7 12. Nd4 h4 13. h3 Nh6 14. Bd3 g6 15. Re1 Nxd3+ 16. Qxd3 Nf5 17. e6 fxe6 18. Nxe6 Bxe6 19. Rxe6 Kf7 20. Re1 Qd6 21. Ne2 Bf6 22. c3 Rhe8 23. Bd4 Nxd4 24. Nxd4 Qxf4+ 25. Kb1 Bxd4 26. cxd4 Kg7 27. Qb3 b6 28. Qa4 Qc7 29. Rc1 Re6 30. Rc2 Rf8 31. Rhc1 Rff6 32. Qb3 Qe7 33. Qa4 Re1 34. Rxc6 Qe4+ 35. Ka1 Rff1 36. Qxa7+ Kh6 37. Qc7 Qe3 38. Kb1 Qd3+ 39. Ka1 Qxd4 40. a3 Qe3 41. Rxe1 Qxe1+ 42. Ka2 Qb1+ 43. Kb3 Rf2 44. Qe5 Qd3+ 45. Ka2 Rxg2 46. Qf4+ Kh5 47. Rc8 g5 48. Qf7+ 1-0

[Event "HUN-ch Blitz"]
[Site "Ajka"]
[Date "2024.07.19"]
[Round "11"]
[White "Kovacsy, Barnabas"]
[Black "Bagi, Mate"]
[Result "1/2-1/2"]
[WhiteElo "2280"]
[BlackElo "2425"]
[PlyCount "40"]
[EventDate "2024.07.19"]
[EventType "swiss (blitz)"]
[EventRounds "13"]
[EventCountry "HUN"]
[SourceTitle "CBM 221 Extra"]
[Source "ChessBase"]
[SourceDate "2024.09.30"]
[SourceVersion "1"]
[SourceVersionDate "2024.09.30"]
[SourceQuality "1"]

1. e4 e5 2. Nf3 Nc6 3. Bb5 a6 4. Ba4 Nge7 5. Nc3 d6 6. 0-0 g6 7. d4 Bd7 8. dxe5 Nxe5 9. Nxe5 dxe5 10. Bxd7+ Qxd7 11. Qxd7+ Kxd7 12. Bg5 Ke6 13. Rad1 f6 14. Be3 Nc6 15. Nd5 Rc8 16. Rd2 Nb4 17. Nxb4 Bxb4 18. c3 Be7 19. Rfd1 Rhd8 20. Rxd8 Rxd8 1/2-1/2

[Event "HUN-chT1 Charousek 2324"]
[Site "Hungary"]
[Date "2024.05.12"]
[Round "11.5"]
[White "Kovacsy, Barnabas"]
[Black "Demeter, Dorina"]
[Result "0-1"]
[WhiteElo "2248"]
[BlackElo "2274"]
[PlyCount "62"]
[EventDate "2023.10.08"]
[EventType "team-tourn"]
[EventRounds "11"]
[EventCountry "HUN"]
[SourceTitle "EXT 2025"]
[Source "ChessBase"]
[SourceDate "2024.10.14"]
[SourceVersion "1"]
[SourceVersionDate "2024.10.14"]
[SourceQuality "1"]
[WhiteTeam "Budapest MTK"]
[BlackTeam "Tuxera ANSK II"]
[WhiteTeamCountry "HUN"]
[BlackTeamCountry "HUN"]

1. e4 e5 2. Nf3 Nc6 3. Bb5 a6 4. Ba4 d6 5. 0-0 Bd7 6. c3 g6 7. d4 Bg7 8. dxe5 Nxe5 9. Nxe5 Bxe5 10. f4 Bg7 11. Bxd7+ Qxd7 12. Be3 Nf6 13. Bd4 0-0 14. Nd2 Rae8 15. Qf3 h5 16. h3 h4 17. Bxf6 Bxf6 18. Rae1 Qb5 19. Nb3 a5 20. Re2 a4 21. Nd4 Qc4 22. Qe3 Qxa2 23. f5 Qc4 24. Ref2 g5 25. Qf3 c5 26. Ne6 fxe6 27. Qh5 exf5 28. Rxf5 Bg7 29. Qxg5 Qxe4 30. Qg6 Rxf5 31. Rxf5 Qe3+ 0-1

[Event "Titled Tuesday intern op 07th May Early"]
[Site "Chess.com INT"]
[Date "2024.05.07"]
[Round "1"]
[White "Kovacsy, Barnabas"]
[Black "Firouzja, Alireza"]
[Result "0-1"]
[WhiteElo "2290"]
[BlackElo "2738"]
[PlyCount "72"]
[EventDate "2024.05.07"]
[EventType "swiss (blitz)"]
[EventRounds "11"]
[EventCountry "USA"]
[SourceTitle "EXT 2025"]
[Source "ChessBase"]
[SourceDate "2024.10.14"]
[SourceVersion "1"]
[SourceVersionDate "2024.10.14"]
[SourceQuality "1"]

1. e4 c5 2. Nf3 d6 3. d4 cxd4 4. Nxd4 Nf6 5. f3 e5 6. Nb3 a5 7. Nc3 Be7 8. Be3 0-0 9. Be2 a4 10. Nd2 Be6 11. Nc4 Ra6 12. Na3 Rc6 13. Bb5 Rxc3 14. bxc3 d5 15. Nb1 Qa5 16. Bd3 dxe4 17. Bxe4 Rd8 18. Qe2 Nxe4 19. fxe4 b5 20. 0-0 Bc4 21. Qf2 Bxf1 22. Qxf1 Na6 23. Qe2 Nc5 24. Bxc5 Bxc5+ 25. Kh1 h6 26. g3 Rd6 27. Kg2 Qd8 28. h4 Rd1 29. Qxb5 Rg1+ 30. Kh2 Bf2 31. Qe2 Qf6 32. Nd2 Rxa1 33. Nf3 Bc5 34. Qd3 Bf8 35. g4 Qf4+ 36. Kg2 Qxg4+ 0-1